02183cam a22003854i 4500003000900000005001700009008004100026035002000067040003300087100004900120245025900169264001000428300002200438336002100460337002500481338002300506502005800529504002400587520101700611526001001628526001001638526000901648526000901657526000901666526000901675526000901684526000901693526000901702526000801711526000801719526000801727526000801735526000801743650004601751PE-LiUPU20250731165414.0151124s2011 pe grm 000 0 spa d a(Sirsi) a155226 aPE-LiUPUbspacPE-LiUPUerda1 aDávila Villavicencio, Roussel Dulioeautor1 aEfecto de la implementación de una "Red de apoyo social adventista" en la habilidad de cuidado de los familiares cuidadores de personas con enfermedad crónica del centro poblado Virgen del Carmen. La Era, 2010 /cRoussel Dulio Dávila Villavicencio. 0c2011. a167 hojas c30 cm atext2rdacontent aunmediated2rdamedia avolume2rdacarrier aTesisb(Mg.) -- cUniversidad Peruana Unión,d2011. aIncluye referencias3 aLas enfermedades crónicas son un problema de salud pública. Muchas de estas enfermedades producen efectos sistémicos y generan limitaciones y discapacidades. Ante esta situación. Las personas necesitan del cuidado de sus familiares, esta a su vez, requiere de habilidades para ejercer su rol. Estas habilidades pueden ser desarrolladas mediante programas de capacitación o estrategias que complementen la educación y el apoyo social. El centro poblado Virgen del Carmen - La Era es una comunidad en donde existen familiares cuidadores de personas con enfermedades crónicas, sin embargo, no se ejecutan programas orientados a habilitar a estos cuidadores. Siendo que existe una presencia importante de feligreses de la Iglesia Adventista del Séptimo Día, caracterizado por su espíritu de servicio, nació la inquietud de organizar un Red de Apoyo Social Adventista como una estrategia novedosa para beneficiar a los familiares cuidadores prestándoles educación y acompañamiento social. aSEG44 aSEG26 aP151 aP150 aP149 aP146 aP145 aP126 aP125 aP92 aP75 aP74 aP27 aP1504aEnfermerosxCuidadosxPlanes y programas.